[Event "II American Continental"]
[Site "Buenos Aires ARG"]
[Date "2003.08.17"]
[Round "1"]
[White "Soppe,G"]
[Black "Ferrara,A"]
[Result "1/2-1/2"]
[WhiteElo "2467"]
[BlackElo "2210"]

1.d4 d5 2.c4 c6 3.e3 Nf6 4.Nc3 e6 5.Nf3 Be7 6.Bd3 Nbd7 7.O-O O-O 8.b3 b6
9.Bb2 Bb7 10.Qe2 c5 11.cxd5 exd5 12.Rfd1 Re8 13.Rac1 Rc8 14.Bb5 Bd6 15.Na4 Re6
16.Ng5 Re7 17.Ba3 h6 18.Nf3 Ne4 19.Ba6 Bxa6 20.Qxa6 Ndf6 21.Nc3 Nxc3 22.Rxc3 Ne4
23.Rc2 c4 24.Bxd6 Nxd6 25.Ne5 Rec7 26.bxc4 dxc4 27.d5 Qf6 28.Nc6 Qf5 29.Rxc4 Nxc4
30.Qxc4 b5 31.Qc3 Qe4 32.f3 Qc4 33.Qxc4 bxc4 34.Rc1 Rxc6 35.dxc6 Rxc6 36.Kf2 Kf8
37.e4 Ra6 38.Rc2 Ra3  1/2-1/2

[Event "Independence Cup"]
[Site "Kyiv UKR"]
[Date "2003.08.17"]
[Round "5"]
[White "Zarubin,P"]
[Black "Fedosenko,P"]
[Result "0-1"]
[WhiteElo "2442"]
[BlackElo "2242"]

1.d4 d5 2.c4 e6 3.Nc3 c6 4.e3 Nf6 5.Nf3 Nbd7 6.Qc2 Bd6 7.a3 O-O 8.b4 dxc4
9.Bxc4 b5 10.Bd3 Bb7 11.Ng5 h6 12.Nge4 Bc7 13.f4 a5 14.Rb1 axb4 15.axb4 Nd5
16.Ne2 Qe7 17.Bd2 Ra4 18.Qb2 f5 19.Nc5 Nxc5 20.dxc5 Rfa8 21.O-O Qf6 22.Qc1 Ra3
23.Bc2 e5 24.Bb3 Qe6 25.Qc2 Kh8 26.e4 exf4 27.exd5 Qxe2 28.Rbe1 Qg4 29.d6 Bxd6
30.cxd6 c5 31.Bc1 Rxb3 32.Rxf4 Qg6 33.Rxf5 Rd3 34.Rxc5 Qxd6 35.Rxb5 Qd4+
36.Kh1 Be4 37.Qe2 Re8 38.Qh5 Rf8 39.Qe5 Rd1 40.Qxd4 Rxe1+ 41.Qg1 Rxg1+ 42.Kxg1  0-1

[Event "Open"]
[Site "Vienna AUT"]
[Date "2003.08.18"]
[Round "3"]
[White "Hansen,Kay"]
[Black "Ponjican,E"]
[Result "1-0"]
[WhiteElo "2230"]
[BlackElo "2107"]

1.d4 d5 2.c4 c6 3.Nc3 Nf6 4.Nf3 e6 5.e3 Bd6 6.a3 O-O 7.Bd3 Nbd7 8.O-O dxc4
9.Bxc4 e5 10.Qc2 Qe7 11.Bd2 h6 12.e4 exd4 13.Nxd4 Bxh2+ 14.Kxh2 Qe5+ 15.f4 Qxd4
16.Be2 Nc5 17.Bf3 Ng4+ 18.Kg3 h5 19.Ne2 Qd6 20.Rh1 g6 21.Bb4 b6 22.Rac1 Rb8
23.Bxc5 bxc5 24.Qxc5 Qxc5 25.Rxc5 Rxb2 26.Nd4 Bd7 27.f5 Kg7 28.Ra5 Ra8 29.e5 gxf5
30.Rxh5 Kg6 31.Kh4 Rb1 32.Rg5+ Kh6 33.Nxf5+ Bxf5 34.Rxf5 Ne3 35.Rh5+ Kg7
36.Kg5 Rb6 37.Kf4 Nc4 38.Ra4 Nb2 39.Rd4 Rab8 40.Kf5 c5 41.Rd7 Nc4 42.Rxa7 Re8
43.Kf4 Rbe6 44.Rg5+ Kh6 45.Rxf7 Nxe5 46.Rff5 Nxf3 47.gxf3 Ra8 48.Rh5+ Kg6
49.Kg4 Rxa3 50.Rxc5 Raa6 51.Rc4 Rf6 52.f4 Ra7 53.f5+ Kg7 54.Kg5 Raf7 55.Kf4 Ra7
56.Rc1 Ra4+ 57.Kg5 Raa6 58.Rch1 Kf7 59.Rh7+ Ke8 60.Re1+ Kd8 61.Ree7 Rf8 62.Rd7+ Kc8
63.Rc7+ Kd8 64.Rhd7+ Ke8 65.Re7+ Kd8 66.Rcd7+ Kc8 67.Ra7 Rb6 68.Ra8+ Rb8
69.Rxb8+ Kxb8 70.f6  1-0

[Event "ADCF Masters"]
[Site "Abu Dhabi UAE"]
[Date "2003.08.19"]
[Round "4"]
[White "Mchedlishvili,M"]
[Black "Sandipan,C"]
[Result "0-1"]
[WhiteElo "2566"]
[BlackElo "2469"]

1.d4 d5 2.c4 e6 3.Nf3 Nf6 4.Nc3 c6 5.e3 Nbd7 6.Bd3 dxc4 7.Bxc4 b5 8.Bd3 Bd6
9.Ng5 Bb7 10.Qf3 a6 11.O-O Qc7 12.Qh3 h6 13.e4 e5 14.Nf3 Bc8 15.Qh4 exd4
16.Nxd4 Ne5 17.Qg3 Nh5 18.Qe3 Ng4 19.Qe2 Bxh2+ 20.Kh1 Bg1 21.e5 Bxf2  0-1

[Event "ch-FRA"]
[Site "Aix les Bains FRA"]
[Date "2003.08.19"]
[Round "2"]
[White "Chabanon,JL"]
[Black "Fontaine,R"]
[Result "1/2-1/2"]
[WhiteElo "2498"]
[BlackElo "2541"]

1.d4 d5 2.Nf3 Nf6 3.c4 c6 4.Nc3 e6 5.e3 Nbd7 6.Qc2 Bd6 7.g4 Bb4 8.Bd2 Qe7
9.Rg1 Bxc3 10.Bxc3 Ne4 11.Bd3 Nxc3 12.Qxc3 dxc4 13.Bxc4 b5 14.Bd3 Bb7 15.O-O-O Rc8
16.Kb1 O-O 17.Ne5 Nxe5 18.dxe5 a6 19.Bc2 Rfd8 20.f4 c5 21.Qa5 c4 22.Qb6 Bf3
23.Rd6 Rxd6 24.exd6 Qd8 25.Qxa6 c3 26.Qa3 Rc6 27.e4 Rxd6 28.Qxc3 Be2 29.e5 Rd4
30.Qe3 Bd3 31.Rc1 Bxc2+ 32.Rxc2 Rd1+ 33.Rc1 h6 34.a3 Qd5  1/2-1/2

[Event "Jezero Open"]
[Site "Belgrade YUG"]
[Date "2003.08.19"]
[Round "6"]
[White "Damjanovic,D"]
[Black "Gotovusa,G"]
[Result "1/2-1/2"]
[WhiteElo "2276"]
[BlackElo "2165"]

1.d4 d5 2.c4 e6 3.Nc3 Nf6 4.Nf3 c6 5.e3 Nbd7 6.Bd3 Bd6 7.O-O O-O 8.e4 dxe4
9.Nxe4 Nxe4 10.Bxe4 h6 11.Bc2 e5 12.b3 f5 13.dxe5 Nxe5 14.Bf4 Qc7 15.Bxe5 Bxe5
16.Nxe5 Qxe5 17.Re1 Qf6 18.Qe2 Bd7 19.Qe7 Qxe7 20.Rxe7 Rf7 21.Rae1 Kf8 22.Rxf7+ Kxf7
23.f4 Be6 24.Rd1 Ke7 25.Kf2 c5 26.Ke3 Rd8 27.h3 Rxd1 28.Bxd1 b6 29.Be2 Bd7
30.g3 Be6 31.Bd1 Bd7 32.Bf3 Be6 33.Bb7 Kf6 34.Kd3 Ke7 35.Bf3 Kd6 36.Ke3 Ke7
37.Be2 Bd7 38.a3 Kd6 39.b4 Be6 40.b5 Ke7 41.Kd3 Kf6 42.Kc3 Bc8 43.Bf3 Be6
44.a4 Bc8 45.a5 Be6 46.a6 Bd7 47.Kd3 Be6 48.Be2 Bf7 49.Ke3 Be6 50.Bd3 Bf7
51.Kf3 Be6 52.g4 Bd7 53.Kg3 Be6 54.Kh4 Bd7 55.Bf1 Be6 56.Be2 Bd7 57.Kg3 Be6
58.Kf3 Bd7 59.Ke3 Be6 60.Kd3 Bd7 61.Kd2 Be6  1/2-1/2

[Event "II American Continental"]
[Site "Buenos Aires ARG"]
[Date "2003.08.19"]
[Round "3"]
[White "Sagalchik,G"]
[Black "Frey,H"]
[Result "1-0"]
[WhiteElo "2491"]
[BlackElo "2342"]

1.d4 d5 2.c4 c6 3.Nc3 Nf6 4.e3 e6 5.Nf3 Nbd7 6.Bd3 Bd6 7.O-O O-O 8.e4 dxc4
9.Bxc4 e5 10.h3 Qe7 11.Be3 exd4 12.Bxd4 Ne5 13.Nxe5 Bxe5 14.f4 Bxd4+ 15.Qxd4 Rd8
16.Qe3 Nd5 17.Bxd5 cxd5 18.Rad1 dxe4 19.Nd5 Qf8 20.f5 Bd7 21.f6 Be6 22.fxg7 Qxg7
23.Nf6+ Kh8 24.Rxd8+ Rxd8 25.Qxe4 Bxh3 26.Qxb7 Qg6 27.Qf3 Be6 28.Nh5 Rc8
29.Nf6 Rd8 30.Qf4 Qd3 31.Qh6 Qg6 32.Qf4 Qd3 33.Qh6 Qg6 34.Qe3 Qd3 35.Qxa7 Qd4+
36.Qxd4 Rxd4 37.b3 Bd5 38.Rf2  1-0

[Event "II American Continental"]
[Site "Buenos Aires ARG"]
[Date "2003.08.19"]
[Round "3"]
[White "Cruz,A BOL"]
[Black "Crosa,M"]
[Result "0-1"]
[WhiteElo "2244"]
[BlackElo "2412"]

1.d4 d5 2.c4 c6 3.Nc3 Nf6 4.Nf3 e6 5.e3 Nbd7 6.cxd5 exd5 7.Bd3 Bd6 8.h3 O-O
9.a3 Qe7 10.O-O Ne4 11.Re1 f5 12.Qc2 g5 13.Nd2 Ndf6 14.b4 g4 15.Nf1 gxh3
16.g3 Ng4 17.f4 h5 18.Nxe4 fxe4 19.Be2 Rf7 20.Nh2 Rg7 21.Nxg4 Bxg4 22.Kh2 Kf7
23.Rg1 Rag8 24.Bxg4 Rxg4 25.Bd2 h4 26.Be1 Qf6 27.b5 cxb5 28.Qb3 Ke6 29.Qxb5 hxg3+
30.Bxg3 Qg6 31.Raf1 Rxg3 32.f5+ Qxf5 33.Rxg3 Bxg3+ 34.Kh1 Bf2 35.Qe2 Rg2
36.Qb5 Qg6  0-1

[Event "Independence Cup"]
[Site "Kyiv UKR"]
[Date "2003.08.19"]
[Round "7"]
[White "Shchukin,D"]
[Black "Fedosenko,P"]
[Result "1-0"]
[WhiteElo "2409"]
[BlackElo "2242"]

1.d4 d5 2.c4 e6 3.Nc3 c6 4.e3 Nf6 5.Nf3 Nbd7 6.Qc2 Bd6 7.g4 Nxg4 8.Rg1 Nxh2
9.Nxh2 Bxh2 10.Rxg7 h5 11.e4 dxc4 12.e5 c5 13.Ne4 Kf8 14.Rxf7+ Kxf7 15.Ng5+ Ke7
16.Nxe6 Nxe5 17.Bg5+ Kxe6 18.Bxc4+ Nxc4 19.Bxd8 Kd5 20.O-O-O Bf4+ 21.Kb1 Rxd8
22.dxc5+ Nd2+ 23.Ka1 Bg4 24.f3 Bxf3 25.Qb3+ Ke5 26.Re1+ Ne4 27.Qxf3 Rd4 28.Qxh5+ Ke6
29.Qg6+ Ke5 30.Qg7+ Kd5 31.Qxb7+ Kc4 32.Qxa8 Bd2 33.Rxe4  1-0

[Event "ADCF Masters"]
[Site "Abu Dhabi UAE"]
[Date "2003.08.20"]
[Round "5"]
[White "Magerramov,E"]
[Black "El Gindy,E"]
[Result "1/2-1/2"]
[WhiteElo "2566"]
[BlackElo "2498"]

1.c4 Nf6 2.Nc3 e6 3.Nf3 d5 4.d4 c6 5.e3 Nbd7 6.Bd3 dxc4 7.Bxc4 b5 8.Be2 Be7
9.a3 Bb7 10.O-O a6 11.b4 a5 12.Bd2 axb4 13.axb4 Bxb4 14.Nxb5 Be7 15.Nc3 c5
16.Rb1 Rb8 17.dxc5 Bxc5 18.Na4 Be7 19.Nd4 Be4 20.Rxb8 Qxb8 21.Nc3  1/2-1/2

[Event "14th Sommerpokal"]
[Site "Recklinghausen GER"]
[Date "2003.08.20"]
[Round "3"]
[White "Siepmann,M"]
[Black "Deinert,W"]
[Result "1-0"]
[WhiteElo "2103"]
[BlackElo "2052"]

1.d4 Nf6 2.Nf3 d5 3.c4 e6 4.Nc3 c6 5.e3 Bb4 6.Bd3 Nbd7 7.O-O O-O 8.Qc2 h6
9.Bd2 b6 10.a3 Bd6 11.e4 dxe4 12.Nxe4 Nxe4 13.Bxe4 Bb7 14.Bc3 Rc8 15.Rad1 Qc7
16.Rfe1 Nf6 17.Bd3 Ng4 18.Ne5 Bxe5 19.dxe5 f6 20.Qe2 Nxe5 21.Bxe5 Qxe5 22.Qg4 Qxb2
23.Qxe6+ Kh8 24.Qf5  1-0

[Event "Open"]
[Site "Vienna AUT"]
[Date "2003.08.20"]
[Round "5"]
[White "Zoebisch,H"]
[Black "Thallinger,H"]
[Result "1-0"]
[WhiteElo "2203"]
[BlackElo "2363"]

1.d4 d5 2.c4 c6 3.Nf3 Nf6 4.Nc3 e6 5.e3 a6 6.Bd3 dxc4 7.Bxc4 b5 8.Bd3 c5
9.O-O Nbd7 10.Qe2 Bb7 11.Rd1 Bd6 12.a4 b4 13.Nb1 cxd4 14.exd4 Qa5 15.Nbd2 Nb6
16.b3 Qh5 17.h3 Nbd5 18.Nc4 Bc7 19.Bd2 O-O 20.Nce5 Rfd8 21.Qf1 Bxe5 22.dxe5 Nd7
23.g4 Nxe5 24.gxh5 Nxf3+ 25.Kh1 Nxd2 26.Qg2 Rab8 27.Rxd2 Nf4 28.Qxb7 Rxb7
29.Bxh7+ Kxh7 30.Rxd8 Rc7 31.Rd4 e5 32.Rxb4 Rc3 33.Rxf4 exf4 34.Rb1 Rxh3+
35.Kg2 Rxh5 36.b4 Rh6 37.Rh1  1-0

[Event "Open"]
[Site "Porto San Giorgo ITA"]
[Date "2003.08.21"]
[Round "1"]
[White "Ortega,Le"]
[Black "Manganelli,G"]
[Result "1-0"]
[WhiteElo "2437"]
[BlackElo "2017"]

1.d4 d5 2.c4 e6 3.Nf3 Nf6 4.Nc3 c6 5.e3 Nbd7 6.Bd3 Bd6 7.e4 dxe4 8.Nxe4 Nxe4
9.Bxe4 Bb4+ 10.Bd2 Qa5 11.O-O Bxd2 12.Nxd2 O-O 13.Re1 Nf6 14.Bf3 Rd8 15.Qc2 Qc7
16.Qc3 b6 17.a4 Bb7 18.b4 c5 19.Bxb7 Qxb7 20.dxc5 bxc5 21.b5 Rd6 22.Nb3 Qc7
23.Qe3 Rc8 24.h3 Nd7 25.a5 f6 26.Rad1 Ne5 27.Rxd6 Qxd6 28.Qe2 Rd8 29.f4 Nd3
30.Qxe6+ Qxe6 31.Rxe6 Nxf4 32.Re7 Rd1+ 33.Kh2 Rd3 34.Nxc5 Rd2 35.b6 axb6
36.axb6 Rxg2+ 37.Kh1  1-0

[Event "ADCF Masters"]
[Site "Abu Dhabi UAE"]
[Date "2003.08.22"]
[Round "6"]
[White "Adly,A"]
[Black "Ionov,S"]
[Result "1/2-1/2"]
[WhiteElo "2429"]
[BlackElo "2556"]

1.d4 d5 2.Nf3 Nf6 3.c4 e6 4.Nc3 c6 5.e3 Nbd7 6.Qc2 Bd6 7.g4 Bb4 8.Bd2 Qe7
9.Rg1 Bxc3 10.Bxc3 Ne4 11.Bd3 Nxc3 12.Qxc3 dxc4 13.Bxc4 b6 14.Ne5  1/2-1/2

[Event "Independence Cup"]
[Site "Kyiv UKR"]
[Date "2003.08.22"]
[Round "10"]
[White "Levin,Ev"]
[Black "Dziadyk,P"]
[Result "0-1"]
[WhiteElo "2158"]
[BlackElo "2261"]

1.d4 d5 2.c4 e6 3.Nc3 c6 4.e3 Nf6 5.Nf3 Nbd7 6.Qc2 Bd6 7.b3 O-O 8.Be2 Re8
9.O-O dxc4 10.bxc4 e5 11.Re1 Qe7 12.a4 a5 13.Rb1 Nf8 14.Bb2 Ng6 15.dxe5 Nxe5
16.Nd4 Neg4 17.Nf3 Be6 18.Ne4 Bf5 19.Nxf6+ Qxf6 20.Bxf6 Bxc2 21.Rb2 Nxf6
22.Rxc2 Bb4 23.Rd1 Ne4 24.Rdc1 Rad8 25.Kf1 Kf8 26.h3 g6 27.Kg1 Nd2 28.Nxd2 Bxd2
29.Rb1 Bb4 30.Kf1 Re7 31.g3 Red7 32.Kg2 Ke7 33.f4 f5 34.Kf3 Kd6 35.Rd1+ Kc5
36.Rxd7 Rxd7 37.e4 fxe4+ 38.Kxe4 Ba3 39.Ke5 Re7+ 40.Kf6 Re3 41.Kg7 Rxg3 42.Kxh7 Rg2
43.h4 Kb4 44.Bd1 Rxc2 45.Bxc2 Bc1 46.f5 gxf5 47.Bxf5 Kxa4 48.Bc8 b6 49.Bd7 Kb3
50.Be6 c5  0-1

[Event "14th Sommerpokal"]
[Site "Recklinghausen GER"]
[Date "2003.08.22"]
[Round "5"]
[White "Servaty,R"]
[Black "Leveikina,J"]
[Result "1/2-1/2"]
[WhiteElo "2153"]
[BlackElo "2026"]

1.d4 d5 2.c4 e6 3.Nc3 Nf6 4.Nf3 c6 5.e3 Nbd7 6.Bd3 Be7 7.O-O O-O 8.b3 Re8
9.Bb2 Nf8 10.Qe2 Qa5 11.a3 dxc4 12.Bxc4 Nd5 13.Qd2 Nxc3 14.Bxc3 Qh5 15.a4 a5
16.Ne5 Nd7 17.Be2 Qh6 18.Bxa5 Nf6 19.Bf3 Nd5 20.Bc3 Bg5 21.Qd3 b6 22.Ng4 Qh4
23.Rfe1 f6 24.g3 Qh3 25.Bxd5 exd5 26.f3 Bxg4 27.fxg4 Qxg4 28.Kg2  1/2-1/2

[Event "II American Continental"]
[Site "Buenos Aires ARG"]
[Date "2003.08.23"]
[Round "6"]
[White "Lafuente,P"]
[Black "Morovic Fernandez,I"]
[Result "1/2-1/2"]
[WhiteElo "2431"]
[BlackElo "2573"]

1.d4 d5 2.c4 c6 3.e3 Nf6 4.Nc3 e6 5.Nf3 Nbd7 6.Bd3 dxc4 7.Bxc4 b5 8.Be2 b4
9.Na4 Be7 10.O-O O-O 11.a3 a5 12.axb4 axb4 13.Bd2 Bb7 14.Ne1 Ne4 15.Nd3 Nxd2
16.Qxd2 c5 17.dxc5 Nxc5 18.Qxb4 Nxd3 19.Qxb7 Rb8 20.Qe4  1/2-1/2

[Event "Open"]
[Site "Porto San Giorgo ITA"]
[Date "2003.08.23"]
[Round "3"]
[White "Cristiani,C"]
[Black "Natoli,D"]
[Result "1/2-1/2"]
[WhiteElo "2137"]
[BlackElo "1962"]

1.d4 d5 2.c4 c6 3.Nf3 Nf6 4.e3 e6 5.Nc3 Nbd7 6.Qc2 Bd6 7.Bd3 O-O 8.b3 e5
9.dxe5 Nxe5 10.Nxe5 Bxe5 11.Bb2 d4 12.exd4 Bf4 13.Ne2 Re8 14.h3 Qa5+ 15.Bc3 Qh5
16.O-O Bc7 17.Ng3 Bxg3 18.fxg3 Re3 19.g4 Bxg4 20.Rxf6 gxf6 21.hxg4 Qxg4 22.Bxh7+ Kg7
23.Bd3 Qg3 24.Rd1 Rh8 25.d5 Rh2 26.Bd4 Qh4 27.Bxf6+ Kxf6 28.Qf2+ Qxf2+ 29.Kxf2 Re8
30.dxc6 bxc6 31.Be2 Rh4 32.Bf3 c5 33.Rd5 Rd4 34.Rxc5 Rd2+ 35.Kg1 Rxa2 36.Bd5 Rb8
37.Rc7 Rxb3 38.Rxf7+ Ke5 39.Kh2 a5 40.Rd7 Rd3 41.Ra7 a4 42.Ra5 a3 43.Bg8+ Kf4
44.c5 Rb2 45.c6 Rc3 46.c7 a2 47.Bxa2 Rxc7 48.Be6  1/2-1/2

[Event "23rd Open"]
[Site "Bratto ITA"]
[Date "2003.08.24"]
[Round "4"]
[White "De Santis,A"]
[Black "Godena,M"]
[Result "1/2-1/2"]
[WhiteElo "2289"]
[BlackElo "2517"]

1.d4 d5 2.c4 e6 3.Nc3 c6 4.Nf3 Nf6 5.e3 Nbd7 6.Bd3 dxc4 7.Bxc4 b5 8.Bd3 Bd6
9.O-O O-O 10.e4 e5 11.Bg5 exd4 12.Nxd4 Ne5 13.Be2 h6 14.Bh4 b4 15.Na4 g5
16.Bg3 Nxe4 17.Bxe5 Bxe5 18.Nxc6 Bxh2+ 19.Kxh2 Qc7+ 20.Kg1 Qxc6 21.Rc1 Qg6
22.Bf3 g4 23.Bxe4 Qxe4 24.Re1 Qg6 25.Qd4 Be6  1/2-1/2

[Event "14th Sommerpokal"]
[Site "Recklinghausen GER"]
[Date "2003.08.24"]
[Round "7"]
[White "Hassenrueck,H"]
[Black "Leveikina,J"]
[Result "1-0"]
[WhiteElo "2162"]
[BlackElo "2026"]

1.d4 d5 2.Nf3 Nf6 3.c4 e6 4.Nc3 c6 5.e3 Nbd7 6.Bd3 Be7 7.O-O O-O 8.e4 dxe4
9.Nxe4 Nxe4 10.Bxe4 Nf6 11.Bc2 c5 12.Bg5 cxd4 13.Qd3 g6 14.Rad1 b6 15.Nxd4 Bb7
16.Qh3 Qc7 17.Qh4 Nd5 18.cxd5 Bxg5 19.Qxg5 e5 20.Nc6  1-0

[Event "II American Continental"]
[Site "Buenos Aires ARG"]
[Date "2003.08.25"]
[Round "7"]
[White "Ustariz,C"]
[Black "Morinongeli,M"]
[Result "1/2-1/2"]
[WhiteElo "2130"]
[BlackElo "2143"]

1.d4 d5 2.c4 e6 3.Nc3 c6 4.e3 Nf6 5.Nf3 Nbd7 6.Bd3 dxc4 7.Bxc4 b5 8.Bd3 Bb7
9.O-O a6 10.a3 c5 11.b3 Be7 12.Bb2 O-O 13.Qe2 Qb6 14.Rfd1 Rac8 15.Rac1 Rfd8
16.Bb1 Qa7 17.dxc5 Nxc5 18.b4 Ncd7 19.Rd2 Nb6 20.Ba2 Rxd2 21.Nxd2 Qa8 22.f3 Nbd5
23.Nde4 Qa7 24.Nxd5 Rxc1+ 25.Bxc1 Nxd5 26.Qf2 a5 27.Bxd5 exd5 28.Nc3 axb4
29.axb4 Bxb4 30.Nxb5 Qc5 31.Qb2 Ba6 32.Nd4 Qc4 33.h3 Bd6 34.f4 g6 35.Qa1 Qf1+
36.Kh2 h5 37.Qc3 Qc4 38.Bb2 Qxc3 39.Bxc3 g5 40.Nf5 Bb8 41.Ne7+ Kf8 42.Nxd5 gxf4
43.Nxf4 Bxf4+ 44.exf4 f5  1/2-1/2

[Event "Open"]
[Site "Porto San Giorgo ITA"]
[Date "2003.08.25"]
[Round "5"]
[White "Capuano,E"]
[Black "Natoli,D"]
[Result "1-0"]
[WhiteElo "2143"]
[BlackElo "1962"]

1.Nf3 d5 2.d4 Nf6 3.c4 c6 4.Nc3 e6 5.e3 Nbd7 6.Qc2 Bd6 7.g4 dxc4 8.Bxc4 b5
9.Bd3 Bb7 10.g5 Nd5 11.Ne4 Qc7 12.Bd2 Nb4 13.Bxb4 Bxb4+ 14.Ke2 e5 15.Nc5 exd4
16.Nxb7 Qxb7 17.Nxd4 Rc8 18.Be4 Nb8 19.Rac1 O-O 20.Bxh7+ Kh8 21.Qe4 Rfd8
22.Qh4 c5 23.Be4+  1-0

[Event "Acropolis Open"]
[Site "Athens GRE"]
[Date "2003.08.26"]
[Round "2"]
[White "Dobrov,V"]
[Black "Mihailidis,A"]
[Result "0-1"]
[WhiteElo "2469"]
[BlackElo "2206"]

1.d4 d5 2.c4 e6 3.Nc3 Nf6 4.Nf3 c6 5.e3 Nbd7 6.Qc2 Bd6 7.Bd3 O-O 8.O-O e5
9.cxd5 cxd5 10.Nb5 Bb8 11.dxe5 Nxe5 12.Nxe5 Bxe5 13.Bd2 a6 14.Nd4 Be6 15.Bc3 Rc8
16.Qb3 Ng4 17.f4 Bxd4 18.Bxd4 Nxe3 19.Bxe3 d4 20.Qxb7 dxe3 21.Qe4 g6 22.Qxe3 Re8
23.Qg3 Qd4+ 24.Kh1 Bd5 25.Rad1 Re3 26.Bf5 Rc1 27.Qxe3 Rxd1 28.Qxd4 Rxf1+
29.Qg1 Rxg1+ 30.Kxg1 gxf5 31.b3 Kf8 32.Kf2 Ke7 33.h3 h5 34.g3 Kd6 35.Ke3 Kc5
36.Kd3 Kb4 37.Kd4 Bg2 38.h4 Ka3 39.Ke5 Bh3  0-1

[Event "70th NY Masters"]
[Site "New York USA"]
[Date "2003.08.26"]
[Round "3"]
[White "Ippolito,D"]
[Black "Stripunsky,A"]
[Result "0-1"]
[WhiteElo "2383"]
[BlackElo "2543"]

1.d4 d5 2.c4 c6 3.Nc3 Nf6 4.e3 e6 5.Nf3 Nbd7 6.Bd3 dxc4 7.Bxc4 b5 8.Bd3 Bd6
9.O-O O-O 10.b3 Bb7 11.Bb2 a6 12.e4 e5 13.Nxb5 cxb5 14.dxe5 Nxe5 15.Nxe5 Re8
16.f4 Bxe4 17.Bxe4 Nxe4 18.Kh1 Qh4 19.Qf3 Nd2 20.Qf2 Qxf2 21.Rxf2 Ne4 22.Rc2 f6
23.Nd3 Rad8 24.g3 Bf8 25.Nf2 Rc8 26.Rac1 Nxf2+ 27.Rxf2 Rxc1+ 28.Bxc1 Re1+  0-1

[Event "II American Continental"]
[Site "Buenos Aires ARG"]
[Date "2003.08.27"]
[Round "9"]
[White "Morovic Fernandez,I"]
[Black "Novikov,I"]
[Result "1/2-1/2"]
[WhiteElo "2573"]
[BlackElo "2598"]

1.d4 d5 2.c4 e6 3.Nf3 Nf6 4.Nc3 c6 5.e3 Nbd7 6.Qc2 Bd6 7.Bd3 O-O 8.O-O dxc4
9.Bxc4 a6 10.Rd1 b5 11.Be2 Qc7 12.Ne4 Nxe4 13.Qxe4 e5 14.Qh4 Re8 15.Bd3 h6
16.a4 Be7 17.Qg3 Bd6 18.dxe5 Nxe5 19.Nxe5 Bxe5 20.f4 Bf6 21.axb5 cxb5 22.Bxb5  1/2-1/2

[Event "II American Continental"]
[Site "Buenos Aires ARG"]
[Date "2003.08.28"]
[Round "10"]
[White "Vasquez,R"]
[Black "Dominguez,L"]
[Result "1/2-1/2"]
[WhiteElo "2514"]
[BlackElo "2610"]

1.d4 d5 2.c4 c6 3.Nc3 Nf6 4.e3 e6 5.Nf3 Nbd7 6.Bd3 dxc4 7.Bxc4 b5 8.Bd3 Bb7
9.e4 b4 10.Na4 c5 11.e5 Nd5 12.O-O cxd4 13.Re1 g6 14.Bg5 Qa5 15.Nxd4 a6 16.a3 bxa3
17.bxa3 Bg7 18.Bd2 Qd8 19.Rb1 Rb8 20.Rxb7 Rxb7 21.Bxa6 Rc7 22.Ba5 O-O 23.Nf3 Qb8
24.Bxc7 Qxc7 25.Qe2 Rb8 26.Bc4 Qa5 27.Bxd5 Qxa4 28.Be4 Qxa3 29.Qd3 Qa7 30.Qc3 Qc5
31.Qxc5 Nxc5 32.g3 h6 33.h4 Rb4 34.Bc2 Rc4 35.Re2 Nd7 36.Bd3 Rc5 37.Rc2 Rd5
38.Rc8+ Kh7 39.Be4 Rd1+ 40.Kg2 Nxe5 41.Bc2 Rd6 42.h5 Nd3 43.Rc7 Kg8 44.Rc8+ Kh7
45.Rc7 Kg8 46.Rc8+  1/2-1/2

[Event "Open"]
[Site "Sharjah UAE"]
[Date "2003.08.28"]
[Round "2"]
[White "Svetushkin,D"]
[Black "Al Housa,K"]
[Result "1-0"]
[WhiteElo "2571"]
[BlackElo "2072"]

1.d4 d5 2.c4 e6 3.Nc3 c6 4.Nf3 Nf6 5.e3 Bd6 6.Qc2 Nbd7 7.b3 Bb4 8.Bd3 a6
9.O-O Bd6 10.Bb2 b5 11.e4 b4 12.Nxd5 cxd5 13.e5 Bb7 14.c5 Be7 15.exf6 Nxf6
16.Ne5 Qc7 17.a3 bxa3 18.Bxa3 O-O 19.c6 Bc8 20.Bxe7 Qxe7 21.Ra4 g6 22.Rfa1 Rb8
23.Bxa6 Rb4 24.Bxc8 Rxc8 25.h3 Ne4 26.f3 Ng3 27.Ra7 Qh4 28.Qf2 f6 29.Ra8 Rbb8
30.Rxb8 Rxb8 31.Nd7 Rxb3 32.Kh2 Kf7  1-0

[Event "II American Continental"]
[Site "Buenos Aires ARG"]
[Date "2003.08.29"]
[Round "11"]
[White "Kaidanov,G"]
[Black "Vasquez,R"]
[Result "1/2-1/2"]
[WhiteElo "2638"]
[BlackElo "2514"]

1.d4 d5 2.c4 c6 3.Nf3 Nf6 4.Nc3 e6 5.e3 Nbd7 6.Bd3 dxc4 7.Bxc4 b5 8.Bd3 Bb7
9.O-O b4 10.Ne4 Be7 11.Nxf6+ Nxf6 12.e4 O-O 13.e5 Nd7 14.Be4 Rb8 15.a3 bxa3
16.b4 h6 17.Bd2 c5 18.Bxb7 cxb4 19.Be4 b3 20.Qe2 Nb6 21.h4 Qd7 22.Bd3 Qd5
23.Be4 Qd7 24.Bd3 Qd5 25.Be4 Qd7  1/2-1/2

[Event "HMC Calder Cup Rapid Match"]
[Site "'s-Hertogenbosch NED"]
[Date "2003.08.30"]
[Round "2"]
[White "Van der Stricht,G"]
[Black "Fridman,D2"]
[Result "1/2-1/2"]
[WhiteElo "2450"]
[BlackElo "2592"]

1.d4 d5 2.c4 c6 3.Nc3 Nf6 4.Nf3 e6 5.e3 a6 6.Bd3 dxc4 7.Bxc4 b5 8.Bd3 c5
9.O-O Bb7 10.Qe2 Nbd7 11.Rd1 Qb8 12.e4 cxd4 13.Nxd4 Bc5 14.Nb3 b4 15.Na4 Bd6
16.h3 Bc6 17.e5 Nxe5 18.Nac5 Nxd3 19.Qxd3 Nd5 20.Ne4 Be7 21.Nd4 Bb7 22.Bg5 Qd8
23.Qg3 O-O 24.Bh6 Bf6 25.Nc5 Qe7 26.Nxb7 Qxb7 27.h4 Rfc8 28.h5 Kf8 29.Bg5 Qb8
30.Qf3 Qe5 31.Bxf6 Qxf6 32.Qe4 Qh6 33.Nf5 Qf4 34.Qd3 Qc4 35.Qd2 Qf4 36.Qd3 Kg8
37.h6 g6 38.Qd4 Qxd4 39.Nxd4 Rc4 40.Rac1 Rac8  1/2-1/2

[Event "Acropolis GM"]
[Site "Athens GRE"]
[Date "2003.08.30"]
[Round "6"]
[White "Johannessen,LE"]
[Black "Atalik,S"]
[Result "1/2-1/2"]
[WhiteElo "2525"]
[BlackElo "2599"]

1.d4 d5 2.c4 c6 3.Nc3 Nf6 4.e3 e6 5.Nf3 a6 6.b3 Bb4 7.Bd2 Bd6 8.Bd3 c5 9.cxd5 exd5
10.dxc5 Bxc5 11.O-O O-O 12.Qc2 Nc6 13.Nb5 Ne4 14.Nbd4 Bxd4 15.Nxd4 Nxd4 16.exd4 Bf5
17.Bb4 Rc8 18.Qb1 Re8 19.f3 Bg6 20.Kh1 Nc3 21.Bxc3 Rxc3 22.Bxg6 hxg6 23.Re1 Rce3
24.Rxe3 Rxe3 25.Qc2 Qh4 26.Qd2 Qe7 27.Rc1 Kh7 28.h3 Re2 29.Qf4 Rxa2 30.Kh2 f5
31.Rc7 Qf6 32.Rxb7 Re2 33.h4 Re1 34.Rd7 Qe6 35.Rd6 Qe3 36.Qxe3 Rxe3 37.Rxa6 Rd3
38.Ra4 Kh6 39.Ra7 Rxd4 40.Kg3 Rb4 41.Rd7 d4 42.Kh3 g5 43.Rd6+ g6 44.hxg5+ Kxg5
45.g3 Rxb3 46.f4+ Kh6  1/2-1/2

[Event "1st League TCh-SCG"]
[Site "Budva SCG"]
[Date "2003.08.30"]
[Round "2"]
[White "Neverov,V"]
[Black "Lajthajm,B"]
[Result "1-0"]
[WhiteElo "2566"]
[BlackElo "2422"]

1.d4 d5 2.c4 c6 3.Nf3 Nf6 4.Nc3 e6 5.e3 Nbd7 6.Qc2 a6 7.b3 b5 8.Bb2 Bd6 9.Be2 O-O
10.O-O Bb7 11.c5 Bc7 12.Bd3 e5 13.dxe5 Nxe5 14.Nxe5 Bxe5 15.f4 Bc7 16.Ne2 Re8
17.Rf3 Ne4 18.Ng3 Nf6 19.Rd1 Bc8 20.Bxf6 Qxf6 21.Bxh7+ Kf8 22.Bf5 Be6 23.Bxe6 Rxe6
24.Qh7 Qh6 25.Qxh6 Rxh6 26.Nf5  1-0

[Event "HMC Calder Cup B"]
[Site "'s-Hertogenbosch NED"]
[Date "2003.08.31"]
[Round "4"]
[White "Pedersen,NV"]
[Black "Span,P"]
[Result "1-0"]
[WhiteElo "2528"]
[BlackElo "2279"]

1.d4 d5 2.c4 c6 3.Nc3 Nf6 4.e3 e6 5.Nf3 Nbd7 6.Bd3 dxc4 7.Bxc4 b5 8.Bd3 a6
9.e4 c5 10.e5 cxd4 11.Nxb5 Nxe5 12.Nxe5 axb5 13.Bxb5+ Bd7 14.Nxd7 Qa5+ 15.Bd2 Qxb5
16.Nxf8 Rxf8 17.a4 Qc4 18.h4 Kd7 19.Rh3 Rfb8 20.b4 Ne4 21.b5 Nxd2 22.Kxd2 Qb4+
23.Ke2 Rxb5 24.Kf1 Rd5 25.Rb3 Qc4+ 26.Kg1 Rc8 27.Rd3 Ke7 28.a5 e5 29.a6 Ra8
30.Rda3 Ra7 31.Qb1 Rd6 32.Qb8 Qc5 33.Ra5 Qb6 34.Rxe5+ Kf6 35.Qe8 Qc6 36.Rf5+ Kxf5
37.Ra5+ Kg6 38.Qe5 f6 39.Qh5+  1-0

[Event "European GP"]
[Site "Izmir TUR"]
[Date "2003.08.31"]
[Round "6"]
[White "Esen,B"]
[Black "Haznedaroglu,K"]
[Result "0-1"]
[WhiteElo "2217"]
[BlackElo "2282"]

1.d4 d5 2.c4 c6 3.Nc3 Nf6 4.e3 e6 5.Nf3 Nbd7 6.Qc2 Bd6 7.b3 O-O 8.Be2 Qe7
9.O-O dxc4 10.bxc4 e5 11.Rd1 Re8 12.Rb1 e4 13.Nd2 Nf8 14.c5 Bc7 15.Nc4 Ng6
16.Ba3 Nh4 17.Nd6 Bxd6 18.cxd6 Qe6 19.Bf1 Qg4 20.d7 Bxd7 21.Rxb7 Rad8 22.Rxa7 Bf5
23.Kh1 Nf3 24.h3 Qh4 25.Rb1 Ng4 26.Nd1 Ngh2 27.Qc4 Be6 28.Qe2 Nxf1 29.Qxf1 Nd2  0-1

[Event "1st League TCh-SCG"]
[Site "Budva SCG"]
[Date "2003.09.01"]
[Round "4"]
[White "Nestorovic,De"]
[Black "Todorovic,GM"]
[Result "1/2-1/2"]
[WhiteElo "2424"]
[BlackElo "2461"]

1.d4 d5 2.c4 e6 3.Nc3 c6 4.e3 Nf6 5.Nf3 Nbd7 6.Qc2 Bd6 7.Bd3 O-O 8.O-O dxc4
9.Bxc4 Qe7 10.Bb3 c5 11.Bd2 a6 12.Ne4 Nxe4 13.Qxe4 e5 14.dxe5 Nxe5 15.Bc3 Nxf3+
16.Qxf3 Rb8 17.Bd5 b5 18.b3 Be6 19.Rfd1 c4 20.bxc4 bxc4 21.Rd4 Be5 22.Rxc4 Bxh2+
23.Kxh2 Qd6+ 24.Kg1 Bxd5 25.Qg4 Qg6  1/2-1/2

[Event "1st League TCh-SCG"]
[Site "Budva SCG"]
[Date "2003.09.02"]
[Round "5"]
[White "Nestorovic,De"]
[Black "Nikcevic,N"]
[Result "1/2-1/2"]
[WhiteElo "2424"]
[BlackElo "2446"]

1.d4 Nf6 2.c4 e6 3.Nf3 d5 4.Nc3 c6 5.e3 Nbd7 6.Bd3 a6 7.e4 dxc4 8.Bxc4 c5
9.dxc5 Bxc5 10.O-O b5 11.Bd3 Bb7 12.Qe2 Qb8 13.a3 O-O 14.g3 Rd8 15.Bf4 e5
16.Be3 Qa7 17.Bxc5 Nxc5 18.Rad1 Re8 19.Bb1 Rac8 20.Nd5 Ncd7  1/2-1/2